Atocha [ quest for treasure
| Format: | Book |
|---|---|
| Published: |
s.l. :
National Geographic ,
19__
|
| Subjects: |
MARC
| LEADER | 00000cam a2200000 7i4500 | ||
|---|---|---|---|
| 001 | 0000002194 | ||
| 002 | 000002392 | ||
| 005 | 20021014.0 | ||
| 020 | |a 000002392 | ||
| 090 | 0 | 0 | |a 622.19 |b ATO |
| 245 | 0 | 0 | |a Atocha [ |h video recording] : |b quest for treasure |
| 260 | |a s.l. : |b National Geographic , |c 19__ | ||
| 300 | |a 1 Video recording VHS (60 minutes) : |b col. | ||
| 500 | |a Library has 1 copy | ||
| 650 | 0 | 0 | |a Treasure trove |x Underwater exploration |
| 999 | |a 00096 |b VIDEO |c KOLEKSI AUDIO VIDEO |e PERPUSTAKAAN KOMUNITI PETALING JAYA | ||